Netradičné možnosti interpretácie výsledkov TSI

Bibliographic Details
Main Author: Dočkal, Vladimír, 1952- (Author)
Format: Article
Language:Slovak
PhysicalDescription:Obr. 1. Res. rus., angl.
Subjects:

MARC

LEADER 00000nab a2200000 a 4500
001 vtls000049989
003 SK-MaSNL
005 20260304042524.0
008 250422c1979 xo 0 slo
015 |a SNBRB19rr/mm-uuuuu 
035 |a CL0060086 
035 |a urn:nbn:sk:snk-ab2szy 
035 |a (urnnbn)urn:nbn:sk:snk:ar-a02w7u 
035 |a (uuid)f452c358-8700-47e4-a1d2-318a15e620a6 
040 |a SNKBUCL  |b slo  |c SNKBUCL  |e AACR2 
041 0 |a slo 
044 |a xo  |c SK 
080 |a 159.98  |2 1981 
100 1 |a Dočkal, Vladimír,  |d 1952-  |4 aut  |9 5006 
245 1 0 |a Netradičné možnosti interpretácie výsledkov TSI  |c Vladimír Dočkal 
300 |b Obr. 1. Res. rus., angl. 
650 0 7 |a testy psychologické  |2 snkbucl  |9 732694 
655 7 |a články z novín a časopisov  |2 snkbucl  |9 267496 
773 0 |t Psychológia a patopsychológia dieťaťa  |g Roč. 14, č. 6 (1979), s. 539-543 
850 |a Slovenská národná knižnica 
852 |a Slovenská národná knižnica 
954 |a odborná, vedecká literatúra pôvodná (slovenská)  |2 lita 
958 |a article2022 
958 |a RK 
958 |a OND 
958 |a EUIPO 
992 |a RBX 
999 |c 2674849  |d 2676779